00605nam a22001817a 450000500170000001000150001702000260003203500130005803700130007108200190008410000210010324500690012426000390019327000670023230000200029961000590031965000450037820150916112341.0 aENG-113875 a9789322008123c495.00 aEN-97407 bDBAD/PUB a 353.132630954 aBudhwar, Prem K. aMaking of a diplomat : cby Prem K. Budhwarbhone your skills /  aNew DelhibKonark Publishersc2013 a206, First Floor, Pocket Lane, Shahpur Jat bNew Delhie110049 a178p.c23cm(Hb) a India.bIndian Foreign Service xVocational guidance. aDiplomatsxVocational guidance z India.